[Event "FRA-ch op-A"]
[Site "Pau"]
[Date "2008.08.14"]
[Round "3"]
[White "Couche, Jean Francois"]
[Black "Armand, Jerome"]
[Result "1-0"]
[WhiteElo "2105"]
[BlackElo "2020"]
[PlyCount "49"]
[EventDate "2008.08.11"]
[EventType "swiss"]
[EventRounds "9"]
[EventCountry "FRA"]
[SourceTitle "CBM 126 Extra"]
[Source "ChessBase"]
[SourceDate "2008.11.05"]
[SourceVersion "1"]
[SourceVersionDate "2008.11.05"]
[SourceQuality "1"]

1. Nf3 Nf6 2. c4 d6 3. Nc3 g6 4. e4 c5 5. d4 cxd4 6. Nxd4 Nc6 7. Be2 Nxd4 8. Qxd4 Bg7 9. Be3 0-0 10. Qd2 Qa5 11. 0-0 Be6 12. Rab1 Rfc8 13. b3 a6 14. f4 b5 15. f5 gxf5 16. exf5 Bd7 17. g4 b4 18. Nd5 Nxd5 19. cxd5 Bc3 20. Qd1 Qxa2 21. Rf2 Qa5 22. g5 Be5 23. f6 e6 24. Bd3 h6 25. Qh5 1-0